004870000a2200157000450024501160000065000100011665000290012665000180015565000110017365100220018465300330020604100130023970000230025210000160027577300380029110aFloral biology and insect visitation of the monoecious palm Prestoea decurrens on the Pacific coast of Colombia14aFlora14aRelación planta-animal14aPolinívoros14aPalmas 4dChocópColombia gPrestoeaePrestoea decurrens0 aInglés1 aBernal, Rodrigo G.1 aErvik, Finn1 tPrincipes359h2q86-92d1996g40